[Event "Olympiad-44"]
[Site "Chennai"]
[Date "2022.08.09"]
[Round "11.3"]
[White "Chaves Sanchez, Gabriel A"]
[Black "Arunnuntapanich, Tinnakrit"]
[Result "1/2-1/2"]
[WhiteElo "2125"]
[BlackElo "2117"]
[PlyCount "63"]
[EventDate "2022.07.29"]
[EventType "team-swiss"]
[EventRounds "11"]
[EventCountry "IND"]
[SourceTitle "CBM 210"]
[Source "ChessBase"]
[SourceDate "2022.10.31"]
[SourceVersion "1"]
[SourceVersionDate "2022.10.31"]
[SourceQuality "1"]
[WhiteTeam "Costa Rica"]
[BlackTeam "Thailand"]
[WhiteTeamCountry "CRI"]
[BlackTeamCountry "THA"]

1. e4 c5 2. Nf3 d6 3. c3 Nf6 4. Bd3 g6 5. h3 Bg7 6. Bc2 0-0 7. 0-0 Nc6 8. d4 cxd4 9. cxd4 Nb4 10. Bb3 d5 11. e5 Ne4 12. Be3 b6 13. a3 Nc6 14. Nbd2 Ba6 15. Re1 Nxd2 16. Bxd2 e6 17. Ba4 b5 18. Bc2 Qb6 19. Bc3 Rfc8 20. Qd2 Bb7 21. Bd3 Bf8 22. b4 a6 23. Qb2 Rc7 24. Bd2 Rac8 25. Rec1 Ne7 26. Nh2 Nf5 27. Bxf5 exf5 28. Nf3 Rc4 29. Be3 Qc7 30. Ne1 Bc6 31. Nd3 a5 32. Nc5 1/2-1/2

[Event "Olympiad-44"]
[Site "Chennai"]
[Date "2022.07.30"]
[Round "2.3"]
[White "Chaves Sanchez, Gabriel A"]
[Black "Tristan, Leonardo"]
[Result "0-1"]
[WhiteElo "2125"]
[BlackElo "2558"]
[PlyCount "78"]
[EventDate "2022.07.29"]
[EventType "team-swiss"]
[EventRounds "11"]
[EventCountry "IND"]
[SourceTitle "CBM 210"]
[Source "ChessBase"]
[SourceDate "2022.10.31"]
[SourceVersion "1"]
[SourceVersionDate "2022.10.31"]
[SourceQuality "1"]
[WhiteTeam "Costa Rica"]
[BlackTeam "Argentina"]
[WhiteTeamCountry "CRI"]
[BlackTeamCountry "ARG"]

1. e4 e5 2. Nf3 Nc6 3. Bb5 a6 4. Ba4 Nf6 5. 0-0 Nxe4 6. d4 Be7 7. Re1 b5 8. Bb3 d5 9. dxe5 Be6 10. c3 0-0 11. Nbd2 Nc5 12. Bc2 d4 13. Ne4 dxc3 14. Nxc3 Nb4 15. Bb1 Qxd1 16. Rxd1 Rfd8 17. Nd4 Ncd3 18. Nxe6 fxe6 19. a3 Nxc1 20. Rxc1 Bg5 21. Rf1 Nd3 22. Bxd3 Rxd3 23. Ne4 Bf4 24. Nc5 Rd5 25. Nxe6 Bxe5 26. Rac1 Bxb2 27. Rxc7 Rd6 28. Ng5 Bxa3 29. f4 h6 30. Nf3 Rad8 31. Ne5 Bb2 32. Nc6 R6d7 33. Nxd8 Rxc7 34. Kf2 Bf6 35. Ne6 Rc6 36. Re1 b4 37. f5 b3 38. Nf4 b2 39. Ng6 Rc8 0-1

[Event "American World Cup Q Prelim"]
[Site "Tornelo INT"]
[Date "2021.05.09"]
[Round "6"]
[White "Chaves Sanchez, Gabriel A"]
[Black "Valdes Romero, Leonardo"]
[Result "1/2-1/2"]
[WhiteElo "2190"]
[BlackElo "2402"]
[PlyCount "70"]
[EventDate "2021.05.08"]
[EventType "swiss (rapid)"]
[EventRounds "9"]
[EventCountry "USA"]
[SourceTitle "CBM 202 Extra"]
[Source "ChessBase"]
[SourceDate "2021.07.31"]
[SourceVersion "1"]
[SourceVersionDate "2021.07.31"]
[SourceQuality "1"]

1. e4 d6 2. d4 Nf6 3. Nc3 g6 4. Be3 Bg7 5. Qd2 c6 6. f3 b5 7. h4 h5 8. Nh3 Bxh3 9. Rxh3 Nbd7 10. 0-0-0 Qc7 11. Bd3 a6 12. Rg1 c5 13. g4 b4 14. Na4 c4 15. Be2 hxg4 16. Rhh1 c3 17. Qd3 Qa5 18. b3 Nb6 19. Nxb6 Qxa2 20. Kd1 Qa1+ 21. Bc1 Bh6 22. Ke1 g3 23. Nxa8 Qxc1+ 24. Qd1 Qe3 25. Rg2 Nh5 26. Nc7+ Kd7 27. Nd5 Qd2+ 28. Qxd2 Bxd2+ 29. Kd1 a5 30. Bb5+ Kd8 31. Rxd2 cxd2 32. Kxd2 e6 33. Ne3 Nf4 34. Bf1 Ke7 35. Ng2 e5 1/2-1/2

[Event "CRI-ch"]
[Site "San Jose"]
[Date "2020.01.15"]
[Round "6"]
[White "Duran Vega, Sergio"]
[Black "Chaves Sanchez, Gabriel A"]
[Result "1/2-1/2"]
[WhiteElo "2353"]
[BlackElo "2161"]
[PlyCount "73"]
[EventDate "2020.01.10"]
[EventType "swiss"]
[EventRounds "11"]
[EventCountry "CRI"]
[SourceTitle "CBM 194 Extra"]
[Source "ChessBase"]
[SourceDate "2020.03.31"]
[SourceVersion "1"]
[SourceVersionDate "2020.03.31"]
[SourceQuality "1"]

1. Nf3 Nf6 2. c4 e6 3. d4 d5 4. Nc3 Be7 5. Bf4 0-0 6. e3 c6 7. Bd3 Nbd7 8. h3 dxc4 9. Bxc4 b5 10. Bd3 b4 11. Ne4 c5 12. Qc2 Bb7 13. 0-0 cxd4 14. exd4 Rc8 15. Qe2 Nxe4 16. Bxe4 Bxe4 17. Qxe4 Qb6 18. Qe2 Nf6 19. Be5 Nd5 20. h4 Rfd8 21. Rfd1 a5 22. Rd3 Qb5 23. g4 a4 24. Kg2 Bf6 25. Bg3 b3 26. axb3 Nb4 27. Rd2 Qxe2 28. Rxe2 axb3 29. Ra3 Rc2 30. Re3 Rxb2 31. Raxb3 Rxb3 32. Rxb3 Nc6 33. Bc7 Rd7 34. Be5 h5 35. Bxf6 gxf6 36. gxh5 Rd5 37. Rc3 1/2-1/2

[Event "CRI-ch"]
[Site "San Jose"]
[Date "2020.01.12"]
[Round "4"]
[White "Chaves Sanchez, Gabriel A"]
[Black "Rodriguez Arrieta, Maria Elena"]
[Result "1-0"]
[WhiteElo "2161"]
[BlackElo "1882"]
[PlyCount "93"]
[EventDate "2020.01.10"]
[EventType "swiss"]
[EventRounds "11"]
[EventCountry "CRI"]
[SourceTitle "CBM 194 Extra"]
[Source "ChessBase"]
[SourceDate "2020.03.31"]
[SourceVersion "1"]
[SourceVersionDate "2020.03.31"]
[SourceQuality "1"]

1. e4 e5 2. Nf3 Nc6 3. Bb5 a6 4. Ba4 Nf6 5. 0-0 Be7 6. Re1 b5 7. Bb3 d6 8. c3 0-0 9. h3 Nb8 10. d4 Nbd7 11. Nbd2 Bb7 12. Bc2 Re8 13. Nf1 Bf8 14. Ng3 c6 15. b3 Qc7 16. Be3 c5 17. d5 g6 18. Qd2 Rec8 19. c4 Bg7 20. Bh6 Ne8 21. Bxg7 Nxg7 22. Bd3 b4 23. a4 Nf8 24. Nh2 Qe7 25. Qh6 Rc7 26. Ng4 Bc8 27. Re2 Bxg4 28. hxg4 Ne8 29. f3 Qf6 30. Kf2 Qg7 31. Qh4 f6 32. Nf1 Qf7 33. Ne3 Ng7 34. Rh1 Qe7 35. Ke1 Kf7 36. Qh6 Ke8 37. g3 Rd7 38. f4 Kd8 39. Rf1 Kc7 40. Ref2 Re8 41. Qh4 h5 42. gxh5 Nxh5 43. f5 Qh7 44. Rh2 Qh6 45. Kd2 Qg5 46. fxg6 Nxg3 47. Rf3 1-0

[Event "CRI-ch"]
[Site "San Jose"]
[Date "2020.01.12"]
[Round "3"]
[White "Valdes Romero, Leonardo"]
[Black "Chaves Sanchez, Gabriel A"]
[Result "1-0"]
[WhiteElo "2419"]
[BlackElo "2161"]
[PlyCount "95"]
[EventDate "2020.01.10"]
[EventType "swiss"]
[EventRounds "11"]
[EventCountry "CRI"]
[SourceTitle "CBM 194 Extra"]
[Source "ChessBase"]
[SourceDate "2020.03.31"]
[SourceVersion "1"]
[SourceVersionDate "2020.03.31"]
[SourceQuality "1"]

1. Nf3 d5 2. g3 Nd7 3. d4 e6 4. Bg2 b5 5. a4 b4 6. c4 bxc3 7. Nxc3 Ngf6 8. 0-0 Be7 9. Bf4 c6 10. a5 Ba6 11. Qa4 Rc8 12. Rfc1 0-0 13. b4 Ne4 14. Bf1 Nxc3 15. Rxc3 Bb5 16. Qa3 Nb8 17. Rb1 Na6 18. Ne1 Bf6 19. Nf3 Be7 20. h4 Bd6 21. e3 Bxf4 22. exf4 Qd6 23. Ne5 Nc7 24. Qc1 Bc4 25. Bxc4 dxc4 26. Rxc4 Nb5 27. Rxc6 Rxc6 28. Qxc6 Qxc6 29. Nxc6 f6 30. Rc1 Kf7 31. a6 Ra8 32. Rc5 Nd6 33. Na5 Ne8 34. Nb7 Ke7 35. b5 Kd7 36. Rc6 Ke7 37. Kf1 Rb8 38. Ke2 Ra8 39. Kd3 Rb8 40. Kc4 Ra8 41. Kc5 Kd7 42. Kb4 Ke7 43. Nc5 Rb8 44. Rxe6+ Kd8 45. Rc6 Ke7 46. Nb7 Kd7 47. d5 Nc7 48. Nc5+ 1-0

[Event "San Jose Metropolitano op"]
[Site "San Jose"]
[Date "2019.12.29"]
[Round "8"]
[White "Chaves Sanchez, Gabriel A"]
[Black "Hernandez Alvarez, Tania Regla"]
[Result "1-0"]
[WhiteElo "2161"]
[BlackElo "2071"]
[PlyCount "147"]
[EventDate "2019.12.26"]
[EventType "swiss"]
[EventRounds "9"]
[EventCountry "CRI"]
[SourceTitle "EXT 2021"]
[Source "ChessBase"]
[SourceDate "2020.10.23"]
[SourceVersion "1"]
[SourceVersionDate "2020.10.23"]
[SourceQuality "1"]

1. e4 d5 2. exd5 Qxd5 3. Nc3 Qd6 4. d4 Nf6 5. Nf3 a6 6. g3 Bg4 7. h3 Bxf3 8. Qxf3 Nc6 9. Be3 e6 10. Bg2 Be7 11. 0-0-0 0-0 12. Bf4 Qb4 13. Bxc7 Rfc8 14. a3 Nxd4 15. axb4 Nxf3 16. Ba5 b6 17. Bxb6 Rab8 18. Ba7 Ne5 19. Bxb8 Rxb8 20. Rhe1 Nc4 21. Na2 g6 22. Bf1 Nb6 23. Kb1 Nfd5 24. Re4 Nc7 25. c3 f5 26. Ree1 Kf7 27. Nc1 a5 28. b5 Na4 29. Nb3 Nxb5 30. Kc2 Nd6 31. Ra1 Nb6 32. Rxa5 Ne4 33. Rxe4 fxe4 34. Re5 Nd7 35. Rb5 Rc8 36. Nd2 Nf6 37. Rb7 Kf8 38. b4 Nd5 39. Nxe4 Nxc3 40. Kd3 Nxe4 41. Kxe4 Rc2 42. f3 Rb2 43. b5 Kf7 44. Bc4 Rb1 45. Rc7 Kf6 46. Rc6 Re1+ 47. Kd3 Rd1+ 48. Ke3 Rd6 49. Rc7 g5 50. Rc8 Rd8 51. Rc7 Rd6 52. g4 h6 53. f4 gxf4+ 54. Kxf4 Rd4+ 55. Kf3 Rd6 56. h4 Bd8 57. Rh7 Kg6 58. Rb7 Bxh4 59. Ra7 Bd8 60. Ke2 Bb6 61. Re7 Kf6 62. Rh7 Kg6 63. Rh8 Kg7 64. Re8 Kf6 65. Rh8 Kg7 66. Rb8 Kf6 67. Bd3 Bd8 68. Rb7 Be7 69. Ke3 Rd8 70. Rc7 Rd6 71. Be4 Rb6 72. Bc6 Rb8 73. Kf3 Bd8 74. Rh7 1-0

[Event "San Jose Metropolitano op"]
[Site "San Jose"]
[Date "2019.12.29"]
[Round "7"]
[White "Valdes Romero, Leonardo"]
[Black "Chaves Sanchez, Gabriel A"]
[Result "1-0"]
[WhiteElo "2407"]
[BlackElo "2161"]
[PlyCount "97"]
[EventDate "2019.12.26"]
[EventType "swiss"]
[EventRounds "9"]
[EventCountry "CRI"]
[SourceTitle "EXT 2021"]
[Source "ChessBase"]
[SourceDate "2020.10.23"]
[SourceVersion "1"]
[SourceVersionDate "2020.10.23"]
[SourceQuality "1"]

1. Nf3 d5 2. g3 Nf6 3. Bg2 c5 4. 0-0 Nc6 5. d4 e6 6. c4 dxc4 7. dxc5 Qxd1 8. Rxd1 Bxc5 9. Nbd2 Bd7 10. Nxc4 Ke7 11. Bf4 Rhd8 12. Nfe5 Nxe5 13. Nxe5 Be8 14. Bxb7 Rxd1+ 15. Rxd1 Rd8 16. Rxd8 Kxd8 17. Nd3 Bb6 18. Bf3 Bb5 19. Ne5 Ke7 20. b3 Bd4 21. Nc6+ Bxc6 22. Bxc6 Ng4 23. e3 Bc5 24. h3 Nf6 25. Be5 g6 26. Kf1 Ng8 27. Ke2 f6 28. Bc7 Bd6 29. Ba5 Bc5 30. Kd3 Kd6 31. Bg2 Ne7 32. b4 Bb6 33. Bxb6 axb6 34. Kc4 Kc7 35. a4 Nf5 36. h4 Nd6+ 37. Kc3 e5 38. Bd5 h6 39. Kd3 Kb8 40. Ke2 Kc7 41. Be6 Kb7 42. f4 Kc6 43. fxe5 fxe5 44. Kf3 Kc7 45. Bd5 Kb8 46. Be4 g5 47. hxg5 hxg5 48. Bd3 Ne8 49. Ke4 1-0

[Event "San Jose Metropolitano op"]
[Site "San Jose"]
[Date "2019.12.28"]
[Round "6"]
[White "Chaves Sanchez, Gabriel A"]
[Black "Arias Santana, Mauricio"]
[Result "1/2-1/2"]
[WhiteElo "2161"]
[BlackElo "2276"]
[PlyCount "88"]
[EventDate "2019.12.26"]
[EventType "swiss"]
[EventRounds "9"]
[EventCountry "CRI"]
[SourceTitle "EXT 2021"]
[Source "ChessBase"]
[SourceDate "2020.10.23"]
[SourceVersion "1"]
[SourceVersionDate "2020.10.23"]
[SourceQuality "1"]

1. e4 e5 2. Nf3 Nf6 3. d4 Nxe4 4. Bd3 d5 5. Nxe5 Nd7 6. Nxd7 Bxd7 7. 0-0 Bd6 8. Nc3 Nxc3 9. bxc3 0-0 10. Qh5 f5 11. Re1 Qf6 12. Qf3 c6 13. Bf4 Rae8 14. c4 dxc4 15. Bxc4+ Kh8 16. Qg3 Bxf4 17. Qxf4 c5 18. c3 cxd4 19. Qxd4 Qxd4 20. cxd4 b5 21. Bb3 g5 22. f3 Kg7 23. Rac1 Rxe1+ 24. Rxe1 Kf6 25. Re5 Rc8 26. Rd5 Ke7 27. Re5+ Kd8 28. g4 fxg4 29. Rxg5 gxf3 30. Kf2 Rc3 31. Rg3 a5 32. Rxf3 Rxf3+ 33. Kxf3 Ke7 34. a3 Kd6 35. Ke4 a4 36. Ba2 Bh3 37. Kd3 h5 38. Kc3 h4 39. Kb4 Bd7 40. Bf7 Bc6 41. Ba2 Be8 42. Bg8 Bc6 43. Ba2 Be8 44. Bg8 Bc6 1/2-1/2

[Event "San Jose Metropolitano op"]
[Site "San Jose"]
[Date "2019.12.26"]
[Round "2"]
[White "Chaves Sanchez, Gabriel A"]
[Black "Jimenez Garcia, Emanuel"]
[Result "1/2-1/2"]
[WhiteElo "2161"]
[BlackElo "2355"]
[PlyCount "93"]
[EventDate "2019.12.26"]
[EventType "swiss"]
[EventRounds "9"]
[EventCountry "CRI"]
[SourceTitle "EXT 2021"]
[Source "ChessBase"]
[SourceDate "2020.10.23"]
[SourceVersion "1"]
[SourceVersionDate "2020.10.23"]
[SourceQuality "1"]

1. e4 c5 2. Nf3 b6 3. d4 cxd4 4. Nxd4 Bb7 5. Bd3 g6 6. Nc3 Bg7 7. Be3 Nc6 8. Nxc6 dxc6 9. 0-0 Nf6 10. Qe2 0-0 11. Rfd1 Qc7 12. a4 a6 13. e5 Qxe5 14. Bxb6 Qxe2 15. Bxe2 Nd5 16. Nxd5 cxd5 17. c3 Rfc8 18. a5 e5 19. Bf3 e4 20. Be2 Bf8 21. c4 dxc4 22. Rac1 c3 23. Rxc3 Bg7 24. Rxc8+ Rxc8 25. b4 Bf8 26. b5 axb5 27. Bxb5 Ra8 28. Rd7 Bc8 29. Rd8 Bb7 30. a6 Rxd8 31. Bxd8 Bc8 32. Bb6 Bd6 33. Kf1 Kf8 34. Ke2 Ke7 35. Ke3 f5 36. a7 Bb7 37. g3 Be5 38. h4 h6 39. Bc5+ Kf7 40. Bd4 Kf6 41. Be8 g5 42. hxg5+ hxg5 43. Bxe5+ Kxe5 44. Bh5 f4+ 45. gxf4+ gxf4+ 46. Ke2 Kd4 47. Kd2 1/2-1/2

[Event "Tunja Universitario ODUCC"]
[Site "Tunja"]
[Date "2019.05.22"]
[Round "3.2"]
[White "Chaves Sanchez, Gabriel A"]
[Black "Rivera Gonzalez, Jose Alexis"]
[Result "1/2-1/2"]
[WhiteElo "2146"]
[BlackElo "1886"]
[PlyCount "71"]
[EventDate "2019.05.21"]
[EventType "swiss"]
[EventRounds "5"]
[EventCountry "COL"]
[SourceTitle "EXT 2024"]
[Source "ChessBase"]
[SourceDate "2023.10.10"]
[SourceVersion "1"]
[SourceVersionDate "2023.10.10"]
[SourceQuality "1"]

1. e4 e6 2. d4 d5 3. Nc3 Bb4 4. e5 Ne7 5. Bd2 Bd7 6. Bd3 c5 7. Nb5 Bxd2+ 8. Qxd2 Bxb5 9. Bxb5+ Nbc6 10. dxc5 0-0 11. f4 Nf5 12. Nf3 Qe7 13. Bxc6 bxc6 14. Qc3 Rfb8 15. 0-0 Rb5 16. b4 a5 17. a3 h5 18. Rfb1 Qb7 19. Ng5 Kf8 20. Qh3 axb4 21. a4 Rxc5 22. Qxh5 Nh6 23. Nh7+ Kg8 24. Nf6+ Kh8 25. Ng4 Rxc2 26. Nxh6 gxh6 27. Qxh6+ Kg8 28. Rb3 Rc3 29. f5 exf5 30. Rab1 Qa7+ 31. Kh1 Qxa4 32. Rxc3 bxc3 33. Qg5+ Kh8 34. Qf6+ Kg8 35. Qg5+ Kh8 36. Qf6+ 1/2-1/2

[Event "CRI-ch"]
[Site "San Jose"]
[Date "2019.01.20"]
[Round "11"]
[White "Chinchilla Miranda, Eugenio"]
[Black "Chaves Sanchez, Gabriel A"]
[Result "1-0"]
[WhiteElo "2220"]
[BlackElo "2142"]
[PlyCount "112"]
[EventDate "2019.01.10"]
[EventType "tourn"]
[EventRounds "11"]
[EventCountry "CRI"]
[SourceTitle "CBM 189 Extra"]
[Source "ChessBase"]
[SourceDate "2019.06.03"]
[SourceVersion "1"]
[SourceVersionDate "2019.06.03"]
[SourceQuality "1"]

1. e4 e5 2. f4 exf4 3. Nf3 Nf6 4. e5 Nh5 5. Be2 d6 6. 0-0 dxe5 7. Nxe5 Bc5+ 8. Kh1 Nf6 9. c3 Nc6 10. Nxc6 bxc6 11. d4 Bd6 12. Bxf4 Bxf4 13. Rxf4 0-0 14. c4 Qd6 15. Qd2 c5 16. d5 Rb8 17. b3 Re8 18. Nc3 c6 19. Raf1 Bb7 20. Rxf6 gxf6 21. Bd3 Rbd8 22. Ne4 Rxe4 23. Bxe4 cxd5 24. cxd5 Qe5 25. Qd3 Kg7 26. Qg3+ Qxg3 27. hxg3 Rd7 28. Rf5 Rd6 29. Kg1 Ra6 30. Rf2 f5 31. Bf3 Kf6 32. Rc2 Ra5 33. Rd2 Bc8 34. a4 Ra6 35. Rc2 Rb6 36. Rxc5 Bd7 37. Rc7 Ke7 38. Rxa7 Rxb3 39. g4 Ra3 40. a5 Kd6 41. gxf5 f6 42. a6 Bb5 43. Rf7 Rxa6 44. Rxf6+ Ke5 45. Rxa6 Bxa6 46. g4 h5 47. gxh5 Kxf5 48. Kf2 Bc4 49. Be4+ Kg5 50. d6 Be6 51. Bg6 Kf6 52. Ke3 Ke5 53. h6 Kf6 54. h7 Kg7 55. Kf4 Bd7 56. Ke5 Kh8 1-0

[Event "CRI-ch"]
[Site "San Jose"]
[Date "2019.01.13"]
[Round "4"]
[White "Tapia Quiros, Gustavo"]
[Black "Chaves Sanchez, Gabriel A"]
[Result "1/2-1/2"]
[WhiteElo "2043"]
[BlackElo "2142"]
[PlyCount "100"]
[EventDate "2019.01.10"]
[EventType "tourn"]
[EventRounds "11"]
[EventCountry "CRI"]
[SourceTitle "CBM 189 Extra"]
[Source "ChessBase"]
[SourceDate "2019.06.03"]
[SourceVersion "1"]
[SourceVersionDate "2019.06.03"]
[SourceQuality "1"]

1. d4 Nf6 2. c4 g6 3. Nc3 d5 4. Bf4 Bg7 5. e3 0-0 6. Rc1 c6 7. h3 Be6 8. b3 c5 9. cxd5 Bxd5 10. dxc5 Qa5 11. Qd2 Rd8 12. Bd3 Bxg2 13. Rh2 Nc6 14. a3 Qxa3 15. Nb1 Qxb3 16. Bc4 Qa4 17. Rxg2 Rxd2 18. Nxd2 Rd8 19. Ngf3 Qa3 20. Rd1 Qxc5 21. Rg5 Qa3 22. Rb5 Nb4 23. Ne5 Nfd5 24. Nb1 Nc2+ 25. Ke2 Qa4 26. Rbxd5 Rxd5 27. Bxd5 Bxe5 28. Bxe5 e6 29. Nc3 Qa6+ 30. Kd2 Nb4 31. Be4 f5 32. Bb1 Qc4 33. Ke1 a5 34. f4 a4 35. Rd8+ Kf7 36. Rd7+ Ke8 37. Rxb7 Nd3+ 38. Bxd3 Qxd3 39. Rb8+ Kd7 40. Rb7+ Kc8 41. Rb8+ Kd7 42. Rb7+ Kd8 43. Rb8+ Ke7 44. Rb7+ Kf8 45. Rb8+ Kf7 46. Rb7+ Ke8 47. Rb8+ Ke7 48. Rb7+ Kd8 49. Rb8+ Kd7 50. Rb7+ Kc8 1/2-1/2

[Event "CRI-ch"]
[Site "San Jose"]
[Date "2019.01.10"]
[Round "1"]
[White "Chaves Sanchez, Gabriel A"]
[Black "Jimenez Garcia, Emanuel"]
[Result "1/2-1/2"]
[WhiteElo "2142"]
[BlackElo "2335"]
[PlyCount "80"]
[EventDate "2019.01.10"]
[EventType "tourn"]
[EventRounds "11"]
[EventCountry "CRI"]
[SourceTitle "CBM 189 Extra"]
[Source "ChessBase"]
[SourceDate "2019.06.03"]
[SourceVersion "1"]
[SourceVersionDate "2019.06.03"]
[SourceQuality "1"]

1. e4 g6 2. d4 Bg7 3. Nf3 d6 4. Bc4 e6 5. 0-0 Ne7 6. Nc3 Nd7 7. Be3 a6 8. a4 b6 9. Re1 h6 10. Qd2 Bb7 11. Rad1 Nf6 12. e5 Nfd5 13. exd6 cxd6 14. Nxd5 Nxd5 15. Bxd5 Bxd5 16. Qe2 Qc7 17. b3 Qc6 18. c4 Bxf3 19. Qxf3 Qxf3 20. gxf3 Ke7 21. d5 Rab8 22. Bd4 Bxd4 23. Rxd4 g5 24. dxe6 fxe6 25. Ree4 e5 26. Rd1 Ke6 27. Re3 Rhd8 28. Re4 Rdc8 29. Rde1 Rf8 30. Kg2 Rf4 31. Rd1 b5 32. cxb5 axb5 33. a5 Rc8 34. b4 d5 35. Rxf4 gxf4 36. Kf1 d4 37. Ke2 Kf5 38. Kd2 e4 39. fxe4+ Kxe4 40. Rc1 Rg8 1/2-1/2

[Event "CRC-ch"]
[Site "San Jose"]
[Date "2016.07.27"]
[Round "8.3"]
[White "Chaves Sanchez, Gabriel A"]
[Black "Duran Vega, Sergio"]
[Result "0-1"]
[WhiteElo "2009"]
[BlackElo "2368"]
[PlyCount "76"]
[EventDate "2016.07.18"]
[EventType "tourn"]
[EventRounds "10"]
[EventCountry "CRI"]
[SourceTitle "EXT 2024"]
[Source "ChessBase"]
[SourceDate "2023.10.10"]
[SourceVersion "1"]
[SourceVersionDate "2023.10.10"]
[SourceQuality "1"]

1. e4 e5 2. Nf3 Nf6 3. Nc3 Bb4 4. Nxe5 0-0 5. Nd3 Bxc3 6. dxc3 Nxe4 7. Be2 d5 8. 0-0 c6 9. Be3 Bf5 10. Bg4 Qd7 11. Bxf5 Qxf5 12. Nc5 Nd6 13. Qd3 b6 14. Nb3 Nd7 15. Qxf5 Nxf5 16. Bf4 f6 17. Rfe1 g5 18. Bg3 h5 19. f3 h4 20. Bf2 Rfe8 21. Kf1 Nd6 22. Nd2 Ne5 23. Re2 Kf7 24. a4 c5 25. Rae1 Re6 26. Rd1 Rae8 27. Nb1 h3 28. b3 g4 29. fxg4 Nxg4 30. Rxe6 hxg2+ 31. Kxg2 Kxe6 32. Bg1 Rg8 33. Re1+ Ne4 34. c4 Ne5+ 35. Kh1 Nf3 36. cxd5+ Ke5 37. Rd1 Nxg1 38. Rxg1 Nf2# 0-1

[Event "CRC-ch"]
[Site "San Jose"]
[Date "2016.07.19"]
[Round "2.4"]
[White "Chinchilla Miranda, Eugenio"]
[Black "Chaves Sanchez, Gabriel A"]
[Result "1-0"]
[WhiteElo "2244"]
[BlackElo "2009"]
[PlyCount "95"]
[EventDate "2016.07.18"]
[EventType "tourn"]
[EventRounds "10"]
[EventCountry "CRI"]
[SourceTitle "EXT 2024"]
[Source "ChessBase"]
[SourceDate "2023.10.10"]
[SourceVersion "1"]
[SourceVersionDate "2023.10.10"]
[SourceQuality "1"]

1. Nf3 d5 2. g3 Nf6 3. Bg2 c6 4. 0-0 Bg4 5. h3 Bxf3 6. Bxf3 Nbd7 7. d3 e6 8. b3 Bd6 9. Bb2 Qc7 10. Nd2 0-0 11. c4 Be5 12. d4 Bd6 13. Rc1 Rad8 14. Bg2 Qb8 15. e3 e5 16. cxd5 cxd5 17. dxe5 Bxe5 18. Bxe5 Nxe5 19. Nf3 Nxf3+ 20. Bxf3 Qe5 21. Qd3 Rc8 22. Rfd1 Qb2 23. Rxc8 Rxc8 24. Bxd5 g6 25. Bxb7 Rc2 26. Rf1 Qxa2 27. e4 Qb2 28. e5 Rd2 29. Qb5 Nd7 30. e6 fxe6 31. Bc8 Nf8 32. Qc4 Qf6 33. h4 Qf5 34. Ba6 Qd5 35. Qf4 Rd4 36. Qe3 Rd1 37. Bc4 Rxf1+ 38. Kxf1 Qd7 39. h5 gxh5 40. Qg5+ Kh8 41. Qxh5 Ng6 42. Qg4 Qd2 43. Qxe6 Kg7 44. Kg2 Qd1 45. Be2 Qd4 46. Qe3 Qd7 47. f4 Ne7 48. Qe5+ 1-0

[Event "Central America U20 op"]
[Site "San Jose "]
[Date "2014.12.17"]
[Round "2"]
[White "Chaves Sanchez, Gabriel A"]
[Black "Hernandez, Cristian Andres"]
[Result "0-1"]
[WhiteElo "1909"]
[BlackElo "2164"]
[PlyCount "120"]
[EventDate "2014.12.17"]
[EventType "swiss"]
[EventRounds "9"]
[EventCountry "CRI"]
[SourceTitle "EXT 2016"]
[Source "ChessBase"]
[SourceDate "2015.10.08"]
[SourceVersion "1"]
[SourceVersionDate "2015.10.08"]
[SourceQuality "1"]

1. e4 c5 2. Nf3 d6 3. d4 Nf6 4. Nc3 cxd4 5. Nxd4 a6 6. Bg5 e6 7. f4 h6 8. Bh4 Be7 9. Qf3 Nbd7 10. 0-0-0 Qc7 11. Qg3 0-0 12. Bd3 b5 13. a3 Bb7 14. Rhe1 Nc5 15. Qh3 d5 16. e5 Nfe4 17. Bxe7 Qxe7 18. Bxe4 Nxe4 19. Nxe4 dxe4 20. Qg3 Rae8 21. f5 exf5 22. Nxf5 Qxe5 23. Nd6 Qxg3 24. hxg3 Re7 25. Nxb7 Rxb7 26. Rxe4 Rb6 27. g4 Rg6 28. Rd2 f5 29. gxf5 Rxf5 30. c3 Rfg5 31. Ree2 Kh7 32. Kc2 Rg3 33. Kb3 R6g4 34. Kc2 h5 35. Kd1 h4 36. Ke1 Rg6 37. Kf1 Kh6 38. Rd4 R3g4 39. Rxg4 Rxg4 40. Re6+ Rg6 41. Re4 Rf6+ 42. Kg1 g5 43. a4 bxa4 44. Rxa4 Rb6 45. b4 Rc6 46. Ra5 g4 47. Rc5 Rd6 48. b5 axb5 49. Rxb5 g3 50. Rb1 Rc6 51. Rc1 Rc4 52. Kf1 Kg5 53. Ke2 Kg4 54. Kd3 Rf4 55. c4 h3 56. gxh3+ Kxh3 57. Kc3 g2 58. Rg1 Rf1 59. Rxg2 Kxg2 60. Kb4 Kf3 0-1